| 000 | 00843nam a2200253 a 4500 | ||
|---|---|---|---|
| 001 | 450 | ||
| 003 | BR-CuiBMT | ||
| 005 | 20231107002820.0 | ||
| 008 | 231101s2021 mgb 000 0 por d | ||
| 020 | _a9786555182675 | ||
| 040 |
_aBR-CuiBMT _cBR-CuiBMT |
||
| 080 |
_a342.727:070.16 _22007 |
||
| 090 |
_a342.727:070.16 _bS924p |
||
| 100 | 1 | _aStroppa, Tatiana | |
| 245 | 0 | 0 |
_aPlataformas digitais e moderação de conteúdos : _bpor uma regulação democrática / _cTatiana Stroppa ; prefácio Walter Claudius Rothenburg. |
| 260 |
_aBelo Horizonte : _bFórum, _c2021. |
||
| 300 |
_a220 p. : _c22 cm |
||
| 504 | _aInclui bibliografia. | ||
| 650 |
_aDireito constitucional _xComunicação social |
||
| 650 |
_aMeios de comunicação _xRegulação |
||
| 650 | _aDireitos humanos | ||
| 650 |
_aLiberdade de expressão _zBrasil |
||
| 942 |
_2udc _cLV |
||
| 999 |
_c450 _d450 |
||